000
00223nam a2200109Ia 4500
100
_a
Subbarayappa B.V
942
_c
BK
245
_a
Science in India
260
_b
Popular Prakashan
_c
2007
546
_a
ENGLISH
999
_c
20307
_d
20307